| 000 | 00390nam a22001457a 4500 | ||
|---|---|---|---|
| 999 |
_c9174 _d9174 |
||
| 003 | OSt | ||
| 008 | 201119b ||||| |||| 00| 0 eng d | ||
| 020 | _a9788178061221 | ||
| 100 | _aPrakash, L. | ||
| 245 |
_a100 Minutes that will change the Way You Line _bPearls of Wisdom |
||
| 260 |
_aNew Delhi _bUnicorn Books _c2016 |
||
| 300 | _a127p. | ||
| 650 | _aB.A Hons. English | ||
| 942 |
_2ddc _cBK _02 |
||